A primer of multivariate statistics (Record no. 34674)

MARC details
000 -LEADER
fixed length control field 00709cam a2200241 4500
001 - CONTROL NUMBER
control field 3149917
003 - CONTROL NUMBER IDENTIFIER
control field OSt
005 - DATE AND TIME OF LATEST TRANSACTION
control field 20220413082121.0
008 - FIXED-LENGTH DATA ELEMENTS--GENERAL INFORMATION
fixed length control field 740605s1975 nyua b 001 0 eng
010 ## - LIBRARY OF CONGRESS CONTROL NUMBER
LC control number 74001636
020 ## - INTERNATIONAL STANDARD BOOK NUMBER
International Standard Book Number 0123272505
040 ## - CATALOGING SOURCE
Original cataloging agency DLC
Transcribing agency HU
Modifying agency DLC
050 00 - LIBRARY OF CONGRESS CALL NUMBER
Classification number QA278
Item number .H35
082 00 - DEWEY DECIMAL CLASSIFICATION NUMBER
Classification number 519.5/35HAR1975
Edition number 19
100 1# - MAIN ENTRY--PERSONAL NAME
Personal name Harris, Richard J.
9 (RLIN) 35771
245 12 - TITLE STATEMENT
Title A primer of multivariate statistics
Statement of responsibility, etc. [by] Richard J. Harris.
260 ## - PUBLICATION, DISTRIBUTION, ETC.
Place of publication, distribution, etc. New York,
Name of publisher, distributor, etc. Academic Press
Date of publication, distribution, etc. [1975]
300 ## - PHYSICAL DESCRIPTION
Extent xiv, 332 p.
Other physical details illus.
Dimensions 24 cm.
504 ## - BIBLIOGRAPHY, ETC. NOTE
Bibliography, etc. note Bibliography: p. 317-322.
650 #0 - SUBJECT ADDED ENTRY--TOPICAL TERM
Topical term or geographic name entry element Multivariate analysis.
9 (RLIN) 3579
906 ## - LOCAL DATA ELEMENT F, LDF (RLIN)
a 7
b cbc
c orignew
d 1
e ocip
f 19
g y-gencatlg
942 ## - ADDED ENTRY ELEMENTS (KOHA)
Source of classification or shelving scheme Dewey Decimal Classification
Koha item type Books like text book referance book
Suppress in OPAC No
Holdings
Withdrawn status Lost status Source of classification or shelving scheme Damaged status Not for loan Collection code Home library Current library Shelving location Date acquired Total Checkouts Full call number Barcode Date last seen Copy number Price effective from Koha item type
    Dewey Decimal Classification     Reference Wondo Genet Library Wondo Genet Library General Stacks 04/13/2022   519.5/35HAR1975 WGCFNRL00018938 04/13/2022 1 04/13/2022 Books like text book referance book